000 00289nam a22001217a 4500
040 _cNUST
082 _a869.342 COE
100 _aCoelho, Paulo
_93636
245 _aThe Devil and Miss Prym
260 _aNew York:
_bHarperCollins,
_c2000.
650 _aEnglish Fiction
942 _2ddc
_cBK
999 _c594872
_d594872